The Wollongong Quiz - Statistics

General Stats
  • This quiz has been taken 103 times
  • The average score is 7 of 10
Answer Stats
Question Answer % Correct
State it is located in New South Wales
100%
Lake that is 36.3 km² Lake Illawarra
88%
Shopping Centre "Wollongong _______" Central
86%
Well known water park Jamberoo Action Park
85%
Well known Stadium WIN Stadium
85%
Largest temple in the Southern Hemisphere of what religion Buddhism
74%
Well known wildlife park Symbio Wildelife Park
74%
Wollongong Iconic bridge where many car adds are shot Sea Cliff Bridge
70%
Shopping Mall "_____ ______ Mall" Crown Street
47%
Wollongong translates to "Seas of the _____" South
34%
No matching quizzes found
Score Distribution
Percent of People with Each Score
Percentile by Number Answered
Your Score History
You have not taken this quiz